Państwa wysunięte najbardziej na północ, w których nie pada śnieg - Statystyki

Ogólne statystyki
  • Ten quiz został rozwiązany 1 681 razy
  • Średni wynik to 10 z 18
Statystyki odpowiedzi
° N Państwo % Poprawnych
31,6 Egipt
84%
22,2 Sudan
70%
23,48 Czad
66%
35,92 Malta
65%
23,27 Kuba
64%
23,52 Niger
61%
25,07 Mali
60%
19,92 Dominikana
58%
26,15 Katar
57%
20,07 Haiti
56%
18,98 Jamajka
56%
27,27 Bahamy
55%
30,1 Kuwejt
54%
26,28 Bahrajn
52%
20,45 Tajlandia
50%
22,48 Laos
49%
21,12 Filipiny
42%
26,63 Bangladesz
36%
Nie znaleziono quizów pasujących do podanych kryteriów
Rozkład punktacji
Procent ludzi z każdym wynikiem
Percentyl według liczby udzielonych odpowiedzi
Twoja historia wyników
Nie rozwiązałeś tego quizu